000 00501nam a2200193Ia 4500
005 20250326145448.0
008 250326s9999 xx 000 0 und d
037 _aTextbook
040 _aFMSL
_beng
_cFMSL
041 _aeng
_2eng
084 _qFMSL
100 _aHadjikhani A
_9751204
245 0 _aBusiness Society And Politics
_cHadjikhani A; Elg U
260 _aLondon
_bLondon, Emerald
_c2012
365 _b10845.35
650 _aManagement
942 _cTB
999 _c1307657
_d1307657